Hospodársky cyklus v kontexte inovácií i zamestnanosti a súčasná globálna kríza
Teória reálneho hospodárskeho cyklu ekonóma Josepha A. Schumpetera ako jedna z najvýznamnejších starších teórií hospodárskeho cyklu. Škola reálnych hospodárskych cyklov. Súčasná hospodárska kríza a ekonomický cyklus.
Guardado en:
| Autor principal: | |
|---|---|
| Formato: | Capítulo de libro |
| Lenguaje: | eslovaco |
| Materias: | |
| Etiquetas: |
Sin Etiquetas, Sea el primero en etiquetar este registro!
|
MARC
| LEADER | 00000nla$a2200000$$$4500 | ||
|---|---|---|---|
| 001 | 0144951 | ||
| 005 | 20240502072612.6 | ||
| 041 | 0 | |a slo | |
| 044 | |a SK | ||
| 245 | 1 | 0 | |a Hospodársky cyklus v kontexte inovácií i zamestnanosti a súčasná globálna kríza |c Pavlína Ivanová |
| 520 | |a Teória reálneho hospodárskeho cyklu ekonóma Josepha A. Schumpetera ako jedna z najvýznamnejších starších teórií hospodárskeho cyklu. Škola reálnych hospodárskych cyklov. Súčasná hospodárska kríza a ekonomický cyklus. | ||
| 610 | 2 | 0 | |a cykly hospodárske |
| 610 | 2 | 0 | |a kríza hospodárska |
| 610 | 2 | 0 | |a vývoj |
| 610 | 2 | 0 | |a teórie ekonomické |
| 610 | 2 | 0 | |a zamestnanosť |
| 610 | 2 | 0 | |a inovácia |
| 610 | 2 | 0 | |a technológie nové |
| 100 | 1 | |a Ivanová, Pavlína | |